what do these Japanese words mean in English? (Hiragana) - Statistics

General Stats
  • This quiz has been taken 162 times
  • The average score is 13 of 15
Answer Stats
Question Answer % Correct
わたし - English meaning? I
100%
なまえ - English meaning? name
96%
あした - English meaning? tomorrow
96%
ともだち - English meaning? friend
94%
みどり - English meaning? green
91%
にほんご - English meaning? Japanese
91%
わたしはチョコレートをたべます - English meaning? I eat chocolate
89%
わたしのいぬはしろいです - English meaning? my dog is white
83%
わたしはりんごがすきです - English meaning? I love apples
79%
わたしのかぞくにはおかあさんとおとさんとあにです - English meaning? In my family I have my mum, dad and my older brother
79%
げつようび Monday
79%
わたしはいもとがいます - English meaning? I have a younger sister
77%
すき - English meaning? like
74%
て - English meaning? hand
72%
えんぴつ けずり - English meaning? sharpener
55%
No matching quizzes found
Score Distribution
Percent of People with Each Score
Percentile by Number Answered
Your Score History
You have not taken this quiz